000 00389nam a2200145Ia 4500
008 210210b2001 xxu||||| |||| 00| 0 eng d
020 _a81 223 0724 4
082 _a613.7046 RAVY
100 _aRAVISHANKAR (N S).
245 _aYoga for health- curative powers of yogasanas.
260 _aDelhi.
_bPustak Mahal.,
_c2001
300 _a179
690 _aPhysical Fitness
906 _aSG03861
999 _c114406
_d114406